Thesis Open Access

በኦሮምኛ ቋንቋ አፊቸውን የፇቱ ተማሪዎች በአማርኛ ቋንቋ የንግግር ክሂሌን ሲማሩ የሚያጋጥሙ ችግሮችን መፇተሸ (በ7ኛ ክፌሌ ተተኳሪነት)

ታከሇ ውብእጅግ


MARC21 XML Export

<?xml version='1.0' encoding='UTF-8'?>
<record xmlns="http://www.loc.gov/MARC21/slim">
  <leader>00000nam##2200000uu#4500</leader>
  <datafield tag="502" ind1=" " ind2=" ">
    <subfield code="c">MADDA WALABU UNIVERSITY</subfield>
  </datafield>
  <controlfield tag="005">20250721120256.0</controlfield>
  <controlfield tag="001">11090</controlfield>
  <datafield tag="700" ind1=" " ind2=" ">
    <subfield code="u">MADDA WALABU UNIVERSITY</subfield>
    <subfield code="4">ths</subfield>
    <subfield code="a">ኃይለ ድ/ር ግርማ</subfield>
  </datafield>
  <datafield tag="856" ind1="4" ind2=" ">
    <subfield code="s">914036</subfield>
    <subfield code="z">md5:78f1be6ebf55b9900bde8d708a65bc45</subfield>
    <subfield code="u">https://zenodo.org/record/11090/files/ዉብእጀግ ታከለ.pdf</subfield>
  </datafield>
  <datafield tag="542" ind1=" " ind2=" ">
    <subfield code="l">open</subfield>
  </datafield>
  <datafield tag="260" ind1=" " ind2=" ">
    <subfield code="c">2023-09-05</subfield>
  </datafield>
  <datafield tag="909" ind1="C" ind2="O">
    <subfield code="p">user-mwu123-un</subfield>
    <subfield code="o">oai:zenodo.org:11090</subfield>
  </datafield>
  <datafield tag="100" ind1=" " ind2=" ">
    <subfield code="u">MADDA WALABU UNIVERSITY</subfield>
    <subfield code="a">ታከሇ ውብእጅግ</subfield>
  </datafield>
  <datafield tag="245" ind1=" " ind2=" ">
    <subfield code="a">በኦሮምኛ ቋንቋ አፊቸውን የፇቱ ተማሪዎች በአማርኛ ቋንቋ የንግግር ክሂሌን ሲማሩ የሚያጋጥሙ ችግሮችን መፇተሸ (በ7ኛ ክፌሌ ተተኳሪነት)</subfield>
  </datafield>
  <datafield tag="980" ind1=" " ind2=" ">
    <subfield code="a">user-mwu123-un</subfield>
  </datafield>
  <datafield tag="540" ind1=" " ind2=" ">
    <subfield code="u">http://www.opendefinition.org/licenses/cc-by</subfield>
    <subfield code="a">Creative Commons Attribution</subfield>
  </datafield>
  <datafield tag="650" ind1="1" ind2="7">
    <subfield code="a">cc-by</subfield>
    <subfield code="2">opendefinition.org</subfield>
  </datafield>
  <datafield tag="520" ind1=" " ind2=" ">
    <subfield code="a">&lt;p&gt;ዚህ ጥናት ዓሊማ በኦሮምኛ ቋንቋ አፊቸውን የፇቱ ተማሪዎች በአማርኛ ቋንቋ ንግግርን ሲማሩ የሚያጋጥሟቸውን ችግሮች መፇተሸ በ7ኛ ክፌሌ ተማሪዎች ተተኳሩነት ሊይ በማዴረግ መመርመር ነው፡፡ ጥናቱ የገሊጭ የምርምር ዘዳን ተግባራዊ አዴርጓሌ፡፡ ይህን አሊማ ሇማሳካት የወሌ-ተኢ ጢል እና የሲንጃ 1ኛ ዯረጃ ት/ቤት በአመቺ ንሞና ሉመረጥ ችሎሌ፡፡ ከትምህርት ቤት ውስጥ 48 ኢ- አፇ ፇት ተማሪዎች በጥናቴ ተተኳሪነት ተወስዯዋሌ፡፡ ሇተጠኚ ተማሩዎችም ፇተና ፣ የክፌሌ ውስጥ ምሌከታ እና የቡዴን ተኮር ውይይት በማዴረግ መረጃው ተሰብስቧሌ፡፡ እንዱሁም አማርኛ ቋንቋን 7ኛ ክፌሌ የሚያስተምሩ መመ ህራን በጥቅሌ ንሞና በመውሰዴ ቃሇ መጠይቅ ተዯርጎሊቸዋሌ፡፡ የጥናቴ መረጃዎችን በመጠናዊና አይነታዊ የመረጃ ትንተና ስሌቶች ተብራርተዋሌ፡፡ በአጠቃሇይ በጥቱ የመረጃ መሰብሰቢያ መሳሪያዎች የተገኙ መረጃዎች አግባብነት ባሇው መንገዴ ትንታኔ ተዯርጎባቸዋሌ፡፡ በመጨረሻም በኢ- አፇ ፇት ተማሪዎች በአማርኛ ቋንቋ ንግግር ወቅት ያሇባቸው ችግር ምን እንዯሆነ በመግሇጽ የመፌትሄ ሀሳብ ሇመጠቆም ተሞክሯሌ፡፡ በችንዱሁም በጥናቱ የመረጃ መሰብሰቢያ መሳሪያዎች የተገኘው ውጠየት እንዯሚያሳየው የአማርኛ ቋንቋን በኢ- አፇ ፌት ተማሪዎች ዘንዴ ማጎሌበት የሚቻሇው የመማር ማስተማሩን ሂዯት ሉያግዙ እና ሉያጠናክሩ ይችሊለ ተብሇው የታሰቡ ጠቃሚ አስተያየቶች ቀርበዋሌ፡፡&lt;br&gt;
3&lt;/p&gt;</subfield>
  </datafield>
  <datafield tag="773" ind1=" " ind2=" ">
    <subfield code="n">doi</subfield>
    <subfield code="i">isVersionOf</subfield>
    <subfield code="a">10.20372/nadre:11089</subfield>
  </datafield>
  <datafield tag="024" ind1=" " ind2=" ">
    <subfield code="a">10.20372/nadre:11090</subfield>
    <subfield code="2">doi</subfield>
  </datafield>
  <datafield tag="980" ind1=" " ind2=" ">
    <subfield code="a">publication</subfield>
    <subfield code="b">thesis</subfield>
  </datafield>
</record>
0
0
views
downloads
All versions This version
Views 00
Downloads 00
Data volume 0 Bytes0 Bytes
Unique views 00
Unique downloads 00

Share

Cite as